Indexy európskeho kapitálového trhu - porovnanie vývoja nemeckého a slovenského indexu

Porovnanie vývoja indexov európskeho kapitálového trhu pomocou vybraných ukazovateľov za účelom zistenia podobností vo vývoji vybraných indexov. Charakteristika indexov. Slovenský akciový index SAX. Index frankfurtskej burzy DAX. Hodnotenie vývoja indexov. Ukazovateľ momentum a jeho porovnanie. Ko...

Description complète

Enregistré dans:
Détails bibliographiques
Auteur principal: Melikantová, Viera
Format: Chapitre de livre
Langue:slovaque
Sujets:
Tags: Ajouter un tag
Pas de tags, Soyez le premier à ajouter un tag!

MARC

LEADER 00000nla$a2200000$$$4500
001 0114921
005 20231121082127.6
041 0 |a slo 
044 |a SK 
245 1 0 |a Indexy európskeho kapitálového trhu - porovnanie vývoja nemeckého a slovenského indexu  |c Viera Melikantová 
520 |a Porovnanie vývoja indexov európskeho kapitálového trhu pomocou vybraných ukazovateľov za účelom zistenia podobností vo vývoji vybraných indexov. Charakteristika indexov. Slovenský akciový index SAX. Index frankfurtskej burzy DAX. Hodnotenie vývoja indexov. Ukazovateľ momentum a jeho porovnanie. Koeficient zmeny a jeho porovnanie. 
610 2 0 |a trh kapitálový 
610 2 0 |a trh burzový 
610 2 0 |a indexy burzové 
610 2 0 |a Nemecko 
610 2 0 |a Slovensko 
610 2 0 |a burzy 
100 1 |a Melikantová, Viera